| Tag |
First Indicator |
Second Indicator |
Subfields |
| LEADER |
00000cam a2200000 4500 |
| 001 |
in00000074697 |
| 005 |
20151008053625.0 |
| 008 |
730206s1956 mau 00110 eng d |
| 010 |
|
|
|a 56007237
|
| 020 |
|
|
|a 0836918339
|
| 035 |
|
|
|a (OCoLC)00552926
|
| 035 |
|
|
|9 AAH8061AM
|
| 040 |
|
|
|c WAL
|d OCL
|d m.c.
|d TXA
|d UtOrBLW
|
| 049 |
|
|
|a TXAM
|c 1 [266650], 2 [1501303]
|
| 090 |
|
|
|a B801
|b .H3 1956a
|
| 100 |
1 |
|
|a Hampshire, Stuart,
|d 1914-2004.
|
| 245 |
1 |
4 |
|a The age of reason ;
|b the seventeenth century philosophers. Selected, with introd. and interpretive commentary.
|
| 246 |
3 |
0 |
|a Age of reason the 17th century philosophers
|
| 264 |
|
1 |
|a Boston :
|b Houghton Mifflin,
|c 1956.
|
| 300 |
|
|
|a 186 pages ;
|c 21 cm.
|
| 336 |
|
|
|a text
|b txt
|2 rdacontent
|
| 337 |
|
|
|a unmediated
|b n
|2 rdamedia
|
| 338 |
|
|
|a volume
|b nc
|2 rdacarrier
|
| 490 |
1 |
|
|a Great ages of Western philosophy, 3
|
| 650 |
|
0 |
|a Philosophy, Modern.
|
| 830 |
|
0 |
|a Great ages of Western philosophy ;
|v v. 3.
|
| 999 |
|
|
|a MARS
|
| 999 |
f |
f |
|s 9ea8d882-e211-3463-8210-7ed27613cb07
|i 72a7f736-424a-326a-bca6-e15b93c5f28e
|t 0
|
| 952 |
f |
f |
|p ric
|a Texas A&M University
|b Rellis Campus
|c Joint Library Facility
|d Remote Storage
|t 0
|e B801 .H3 1956a
|h Library of Congress classification
|i unmediated -- volume
|m A14806078634
|
| 998 |
f |
f |
|a B801 .H3 1956a
|t 0
|l Remote Storage
|